000
00239nam a2200109Ia 4500
100
_a
Tanenbaum /Andrew S.
942
_c
#NAME?
245
_a
Computer Networks
260
_b
Prentice Hall of India
_a
New Delhi
082
_a
4
300
_a
891
999
_c
20505
_d
20505